Statistics for Fighter Jet Names (USA)

Click here to take the quiz!

General Stats

  • This quiz has been taken 258 times
  • The average score is 8 of 24

Answer Stats

HintAnswer% Correct
F/A-18Hornet
87%
F-22Raptor
87%
F-15Eagle
86%
F-14Tomcat
81%
F/A-18E/FSuper Hornet
76%
F-35Lightning
71%
F-16Fighting Falcon
69%
F-4Phantom
67%
F-5ETiger
43%
F-8Crusader
22%
F-5Freedom Fighter
22%
F-20Tigershark
17%
F-11Tiger
10%
F-17Cobra
9%
F-1EFury
9%
F-2Banshee
7%
F-3Demon
7%
F-9Cougar
6%
F-10Skyknight
4%
F-6Skyray
4%
F-21AKfir
3%
F-7Sea Dart
3%
YF-23Black Widow / Gray Ghost
2%
F-12Unnamed
2%

Score Distribution

Percentile by Number Answered

Percent of People with Each Score

Your Score History

You have not taken this quiz